[Event "SVK-chT4 A21 2223"]
[Site "Slovakia"]
[Date "2023.02.12"]
[Round "8.1"]
[White "Brunovsky, Peter"]
[Black "Krakovsky, Peter1"]
[Result "1/2-1/2"]
[WhiteElo "1870"]
[BlackElo "1679"]
[PlyCount "41"]
[EventDate "2022.10.09"]
[EventType "team-tourn"]
[EventRounds "11"]
[EventCountry "SVK"]
[SourceTitle "EXT 2024"]
[Source "ChessBase"]
[SourceDate "2023.10.10"]
[SourceVersion "1"]
[SourceVersionDate "2023.10.10"]
[SourceQuality "1"]
[WhiteTeam "Gbely Interchess"]
[BlackTeam "Skalica II"]
[WhiteTeamCountry "SVK"]
[BlackTeamCountry "SVK"]

1. c4 e6 2. Nf3 d5 3. g3 c6 4. Bg2 Nf6 5. 0-0 Be7 6. b3 0-0 7. Bb2 Nbd7 8. d4 b6 9. Nbd2 Bb7 10. cxd5 cxd5 11. Rc1 Rc8 12. Rxc8 Qxc8 13. Qb1 Qb8 14. Rc1 Rc8 15. Ne1 Rxc1 16. Qxc1 Qc8 17. Qxc8+ Bxc8 18. Nc2 Ba6 19. Bf1 Nb8 20. e3 Kf8 21. Ba3 1/2-1/2

[Event "SVK-chT3A2 2122"]
[Site "Slovakia"]
[Date "2022.04.03"]
[Round "5.4"]
[White "Brunovsky, Peter"]
[Black "Kubis, Ivan"]
[Result "1-0"]
[WhiteElo "1885"]
[BlackElo "1816"]
[PlyCount "113"]
[EventDate "2021.10.10"]
[EventType "team-tourn"]
[EventRounds "11"]
[EventCountry "SVK"]
[SourceTitle "EXT 2024"]
[Source "ChessBase"]
[SourceDate "2023.10.10"]
[SourceVersion "1"]
[SourceVersionDate "2023.10.10"]
[SourceQuality "1"]
[WhiteTeam "Gbely Nafta"]
[BlackTeam "Holic"]
[WhiteTeamCountry "SVK"]
[BlackTeamCountry "SVK"]

1. d4 Nf6 2. Nf3 e6 3. Bf4 d5 4. Nbd2 Bd6 5. Bg3 b6 6. e3 0-0 7. Be2 Bb7 8. 0-0 c5 9. c3 Nc6 10. Bd3 c4 11. Bb1 b5 12. Qc2 g6 13. Re1 Bxg3 14. hxg3 a5 15. e4 Re8 16. e5 Nd7 17. Nf1 b4 18. Qd2 Qe7 19. Ne3 f5 20. exf6 Nxf6 21. Nf1 Bc8 22. N1h2 Bd7 23. Ne5 Rab8 24. Nhf3 Qg7 25. g4 Re7 26. g5 Ne8 27. Nxd7 Rxd7 28. Rxe6 Nd6 29. Bc2 Nd8 30. Re2 N8f7 31. Rae1 Rdd8 32. Ne5 bxc3 33. bxc3 Rb2 34. Qc1 Rxa2 35. Nc6 Rf8 36. Ne7+ Kh8 37. Nxd5 Nb5 38. Qb1 Rxc2 39. Qxc2 Nxg5 40. Qa4 Qd7 41. Qxc4 Qg4 42. Re3 Nd6 43. Qe2 Qh4 44. f4 Ngf7 45. Rh3 Qd8 46. Qe7 Nf5 47. Nf6 h5 48. Qxf8+ Qxf8 49. Re8 Kg7 50. Rxf8 Kxf8 51. Nd7+ Ke7 52. Ne5 Nxe5 53. dxe5 Kd7 54. Kf2 Kc6 55. Ke2 Kc5 56. Kd2 Kc4 57. Kc2 1-0

[Event "Skalica op"]
[Site "Skalica"]
[Date "2020.01.11"]
[Round "5"]
[White "Guba, Peter"]
[Black "Brunovsky, Peter"]
[Result "1-0"]
[WhiteElo "1575"]
[BlackElo "1912"]
[PlyCount "55"]
[EventDate "2020.01.11"]
[EventType "swiss"]
[EventRounds "9"]
[EventCountry "SVK"]
[SourceTitle "CBM 194 Extra"]
[Source "ChessBase"]
[SourceDate "2020.03.31"]
[SourceVersion "1"]
[SourceVersionDate "2020.03.31"]
[SourceQuality "1"]

1. c4 c6 2. Nc3 d5 3. d4 Nf6 4. e3 e6 5. Nf3 Nbd7 6. Bd3 Bd6 7. 0-0 0-0 8. h3 Re8 9. Qc2 Nf8 10. c5 Bc7 11. b4 Ng6 12. b5 e5 13. Bxg6 hxg6 14. dxe5 Bxe5 15. Nxe5 Rxe5 16. Bb2 Re8 17. Rad1 Bf5 18. Qa4 Qc7 19. Ne2 Ne4 20. Qd4 Nf6 21. Ng3 Bc2 22. Rc1 Be4 23. a4 a6 24. b6 Re7 25. bxc7 Rc8 26. f3 Bf5 27. Nxf5 gxf5 28. Qh4 1-0

[Event "SVK-chT5 SE-SI 1920"]
[Site "Slovakia"]
[Date "2019.12.07"]
[Round "4.1"]
[White "Brunovsky, Peter"]
[Black "Romanova, Ela"]
[Result "1-0"]
[WhiteElo "1912"]
[BlackElo "1483"]
[PlyCount "49"]
[EventDate "2019.10.19"]
[EventType "team-tourn"]
[EventRounds "14"]
[EventCountry "SVK"]
[SourceTitle "CBM 194 Extra"]
[Source "ChessBase"]
[SourceDate "2020.03.31"]
[SourceVersion "1"]
[SourceVersionDate "2020.03.31"]
[SourceQuality "1"]
[WhiteTeam "Gbely Nafta IV"]
[BlackTeam "Skalica IV"]
[WhiteTeamCountry "SVK"]
[BlackTeamCountry "SVK"]

1. c4 e5 2. Nc3 Nf6 3. g3 Bb4 4. Bg2 c6 5. e4 0-0 6. Nge2 d6 7. 0-0 g5 8. d3 h6 9. h3 Kh8 10. Kh2 Nh7 11. f4 Bxc3 12. Nxc3 a5 13. Qh5 Kg7 14. fxg5 Nxg5 15. h4 f6 16. hxg5 hxg5 17. Qe2 Rh8+ 18. Kg1 Na6 19. Be3 Bd7 20. Rf2 Rh6 21. Raf1 Be6 22. d4 Qh8 23. d5 cxd5 24. Nxd5 Rf8 25. Bxg5 1-0

[Event "SVK-chT2A 1920"]
[Site "Slovakia"]
[Date "2019.11.17"]
[Round "4.2"]
[White "Brunovsky, Peter"]
[Black "Privara, Igor"]
[Result "1/2-1/2"]
[WhiteElo "1897"]
[BlackElo "2182"]
[PlyCount "117"]
[EventDate "2019.10.26"]
[EventType "team-tourn"]
[EventRounds "11"]
[EventCountry "SVK"]
[SourceTitle "CBM 193 Extra"]
[Source "ChessBase"]
[SourceDate "2020.01.31"]
[SourceVersion "1"]
[SourceVersionDate "2020.01.31"]
[SourceQuality "1"]
[WhiteTeam "Gbely Nafta"]
[BlackTeam "Bratislava Slovan V"]
[WhiteTeamCountry "SVK"]
[BlackTeamCountry "SVK"]

1. c4 e6 2. g3 d5 3. Bg2 c5 4. Nf3 Nc6 5. 0-0 Nf6 6. b3 Be7 7. Bb2 d4 8. e3 0-0 9. d3 Ne8 10. Na3 e5 11. Nc2 Bg4 12. h3 Be6 13. Kh2 Qd7 14. exd4 exd4 15. Qe2 Bf6 16. Rfe1 Nc7 17. Ba3 Be7 18. Rab1 a5 19. Ne5 Nxe5 20. Qxe5 Na6 21. Qe4 Nb4 22. Bxb4 axb4 23. a4 bxa3 24. Ra1 a2 25. Re2 Ra7 26. Ne1 Rfa8 27. Rb2 Bd6 28. Qe2 Re8 29. Qd2 h5 30. Nf3 b5 31. Rbxa2 Rxa2 32. Rxa2 bxc4 33. bxc4 Bf5 34. Nh4 Be6 35. Nf3 Qe7 36. Qg5 Qxg5 37. Nxg5 h4 38. Ra8 Bd7 39. Rxe8+ Bxe8 40. Bd5 Kf8 41. Ne4 hxg3+ 42. fxg3 Be7 43. Kg2 f5 44. Nd2 Ba4 45. Kf2 Bd6 46. Be6 g6 47. g4 fxg4 48. Bxg4 Bc2 49. Ke2 Ke8 50. Ne4 Be7 51. Be6 Kd8 52. Bf7 g5 53. Be6 Kc7 54. Bf5 Kb6 55. Bd7 Ka5 56. Kd2 Bb1 57. Nf2 Kb4 58. Bb5 Bd6 59. Ne4 1/2-1/2

[Event "SVK-chT3A2 1718"]
[Site "Slovakia"]
[Date "2017.11.05"]
[Round "3.3"]
[White "Brunovsky, Peter"]
[Black "Palka, Martin"]
[Result "1/2-1/2"]
[WhiteElo "1853"]
[BlackElo "1874"]
[PlyCount "33"]
[EventDate "2017.10.08"]
[EventType "team-tourn"]
[EventRounds "11"]
[EventCountry "SVK"]
[SourceTitle "EXT 2020"]
[Source "ChessBase"]
[SourceDate "2019.10.17"]
[SourceVersion "1"]
[SourceVersionDate "2019.10.17"]
[SourceQuality "1"]
[WhiteTeam "Gbely Nafta II"]
[BlackTeam "Senica SK"]
[WhiteTeamCountry "SVK"]
[BlackTeamCountry "SVK"]

1. d4 Nf6 2. Bf4 e6 3. e3 d5 4. Nd2 c5 5. c3 Nc6 6. Ngf3 Be7 7. Bd3 0-0 8. Ne5 Nxe5 9. Bxe5 Nd7 10. Bg3 f5 11. Nf3 Nf6 12. Ne5 Bd7 13. h3 Qe8 14. Bh2 Ne4 15. Qe2 c4 16. Bxe4 fxe4 17. 0-0 1/2-1/2

[Event "SVK-chT4 A21 1617"]
[Site "Slovakia"]
[Date "2017.03.12"]
[Round "11.1"]
[White "Diviak, Rudolf"]
[Black "Brunovsky, Peter"]
[Result "1/2-1/2"]
[WhiteElo "1798"]
[BlackElo "1818"]
[PlyCount "40"]
[EventDate "2016.10.09"]
[EventType "team-tourn"]
[EventRounds "11"]
[EventCountry "SVK"]
[SourceTitle "EXT 2020"]
[Source "ChessBase"]
[SourceDate "2019.10.17"]
[SourceVersion "1"]
[SourceVersionDate "2019.10.17"]
[SourceQuality "1"]
[WhiteTeam "Senica CVC II"]
[BlackTeam "Gbely Nafta III"]
[WhiteTeamCountry "SVK"]
[BlackTeamCountry "SVK"]

1. e4 c6 2. d4 d5 3. Nc3 dxe4 4. Nxe4 Nf6 5. Nxf6+ gxf6 6. c3 Bf5 7. Nf3 e6 8. g3 Bd6 9. Bg2 Nd7 10. 0-0 Qc7 11. Re1 0-0-0 12. a4 Bg4 13. Be3 Kb8 14. b4 h5 15. b5 c5 16. a5 e5 17. Qa4 Qc8 18. Nd2 Be6 19. a6 Nb6 20. axb7 Qxb7 1/2-1/2

[Event "SVK-chT5 SE-SI 1617"]
[Site "Slovakia"]
[Date "2017.03.04"]
[Round "8.1"]
[White "Tomasovic, Roman"]
[Black "Brunovsky, Peter"]
[Result "0-1"]
[WhiteElo "1599"]
[BlackElo "1818"]
[PlyCount "42"]
[EventDate "2016.10.15"]
[EventType "team-tourn"]
[EventRounds "9"]
[EventCountry "SVK"]
[SourceTitle "EXT 2020"]
[Source "ChessBase"]
[SourceDate "2019.10.17"]
[SourceVersion "1"]
[SourceVersionDate "2019.10.17"]
[SourceQuality "1"]
[WhiteTeam "Stefanov II"]
[BlackTeam "Gbely Nafta V"]
[WhiteTeamCountry "SVK"]
[BlackTeamCountry "SVK"]

1. b3 Nf6 2. Bb2 g6 3. Nf3 Bg7 4. d3 0-0 5. e4 d6 6. Be2 Na6 7. Nbd2 c5 8. 0-0 Bd7 9. c4 Nc7 10. a4 a6 11. h3 b5 12. axb5 axb5 13. Rxa8 Qxa8 14. Qa1 Qb7 15. Qc1 Ra8 16. Nb1 Bc6 17. Nfd2 Rb8 18. f3 bxc4 19. dxc4 Ne6 20. Bd1 Nf4 21. Bc2 Ne2+ 0-1

[Event "SVK-chT4 A21 1617"]
[Site "Slovakia"]
[Date "2017.01.29"]
[Round "8.1"]
[White "Brunovsky, Peter"]
[Black "Blatnicky, Miroslav"]
[Result "1/2-1/2"]
[WhiteElo "1827"]
[BlackElo "2107"]
[PlyCount "101"]
[EventDate "2016.10.09"]
[EventType "team-tourn"]
[EventRounds "11"]
[EventCountry "SVK"]
[SourceTitle "EXT 2018"]
[Source "ChessBase"]
[SourceDate "2017.10.13"]
[SourceVersion "1"]
[SourceVersionDate "2017.10.13"]
[SourceQuality "1"]
[WhiteTeam "Gbely Nafta III"]
[BlackTeam "Vrbove"]
[WhiteTeamCountry "SVK"]
[BlackTeamCountry "SVK"]

1. Nf3 d5 2. d4 Nf6 3. Bf4 Bf5 4. e3 e6 5. Bd3 Bg6 6. c3 c6 7. Bxg6 hxg6 8. Qb3 Qb6 9. Qxb6 axb6 10. Nbd2 Nbd7 11. 0-0 Nh5 12. Ne5 Be7 13. Ndf3 Nxe5 14. Nxe5 Bf6 15. Nd3 Nxf4 16. exf4 Be7 17. Ne5 Bd6 18. g3 f6 19. Nf3 Kf7 20. Rfe1 b5 21. a3 b6 22. Rac1 c5 23. Re2 Rhe8 24. Kg2 Ra7 25. Ne1 Rc7 26. Rec2 Rec8 27. Kf3 Be7 28. Ke2 g5 29. fxg5 fxg5 30. f3 Bf6 31. Kd3 cxd4 32. cxd4 Rc4 33. Rxc4 dxc4+ 34. Ke4 Re8 35. f4 gxf4 36. gxf4 g5 37. Nf3 gxf4 38. Kxf4 Rg8 39. Rc2 Rd8 40. Ke4 Rg8 41. a4 Rg4+ 42. Ke3 bxa4 43. Rxc4 Rg2 44. Rb4 Bd8 45. Ne5+ Ke8 46. Nc4 Rxh2 47. Nxb6 Bxb6 48. Rxb6 Kd7 49. Rb4 Kd6 50. Rxa4 Rxb2 51. Ra6+ 1/2-1/2